[Event "SVK-ch U16/20 Girls"]
[Site "Liptovsky Mikulas"]
[Date "2019.04.28"]
[Round "7"]
[White "Taragelova, Martina"]
[Black "Bobrova, Katarina"]
[Result "1-0"]
[WhiteElo "1839"]
[BlackElo "1587"]
[PlyCount "45"]
[EventDate "2019.04.23"]
[EventType "swiss"]
[EventRounds "9"]
[EventCountry "SVK"]
[SourceTitle "CBM 190 Extra"]
[Source "ChessBase"]
[SourceDate "2019.07.15"]
[SourceVersion "1"]
[SourceVersionDate "2019.07.15"]
[SourceQuality "1"]

1. e4 c5 2. Nf3 e6 3. d4 cxd4 4. Nxd4 a6 5. c4 Nf6 6. Nc3 Bb4 7. Qd3 Qc7 8. a3 Bxc3+ 9. Qxc3 Nxe4 10. Nb5 Qc5 11. Qxg7 Rf8 12. Be3 Qc6 13. Bh6 Qc5 14. f3 axb5 15. fxe4 f5 16. Qxf8+ Qxf8 17. Bxf8 Kxf8 18. cxb5 fxe4 19. Rc1 d5 20. Rxc8+ Ke7 21. Be2 Kd7 22. Rh8 d4 23. Rf1 1-0

[Event "SVK-ch U16/20 Girls"]
[Site "Liptovsky Mikulas"]
[Date "2019.04.23"]
[Round "1"]
[White "Slaba, Andrea"]
[Black "Bobrova, Katarina"]
[Result "1-0"]
[WhiteElo "1911"]
[BlackElo "1587"]
[PlyCount "81"]
[EventDate "2019.04.23"]
[EventType "swiss"]
[EventRounds "9"]
[EventCountry "SVK"]
[SourceTitle "CBM 190 Extra"]
[Source "ChessBase"]
[SourceDate "2019.07.15"]
[SourceVersion "1"]
[SourceVersionDate "2019.07.15"]
[SourceQuality "1"]

1. Nf3 Nf6 2. d4 d5 3. c4 c6 4. Nc3 Bf5 5. cxd5 cxd5 6. Qb3 Qb6 7. Nxd5 Nxd5 8. Qxd5 e6 9. Qb3 Qxb3 10. axb3 Bb4+ 11. Bd2 Bxd2+ 12. Kxd2 Nc6 13. e3 0-0 14. Bd3 Bxd3 15. Kxd3 Rfd8 16. Ke2 Rac8 17. Rhc1 f6 18. Rc4 Re8 19. Rac1 Rcd8 20. Rc5 a6 21. Nd2 e5 22. d5 Ne7 23. e4 f5 24. f3 Ng6 25. g3 h5 26. Rc7 Re7 27. Rxe7 Nxe7 28. Rc7 Kf8 29. Rxb7 f4 30. gxf4 exf4 31. Nc4 Re8 32. d6 Nc6 33. d7 Re7 34. Rc7 Nd4+ 35. Kd3 Ne6 36. Rc8+ Kf7 37. d8Q Nxd8 38. Rxd8 g5 39. Rd5 g4 40. fxg4 hxg4 41. Rf5+ 1-0

[Event "SVK-ch U16/U20 Girls"]
[Site "Liptovsky Mikulas"]
[Date "2018.04.23"]
[Round "4"]
[White "Majirska, Karin"]
[Black "Bobrova, Katarina"]
[Result "0-1"]
[WhiteElo "1545"]
[BlackElo "1502"]
[PlyCount "82"]
[EventDate "2018.04.21"]
[EventType "swiss"]
[EventRounds "9"]
[EventCountry "SVK"]
[SourceTitle "CBM 184 Extra"]
[Source "ChessBase"]
[SourceDate "2018.06.28"]
[SourceVersion "1"]
[SourceVersionDate "2018.06.28"]
[SourceQuality "1"]

1. e4 c5 2. Nf3 e6 3. d4 cxd4 4. Nxd4 a6 5. Nc3 b5 6. a3 Bb7 7. Bd3 Qb6 8. Nb3 Qc7 9. Be3 Nf6 10. f3 Bd6 11. g3 0-0 12. Bxb5 axb5 13. Nxb5 Bxg3+ 14. hxg3 Qxg3+ 15. Bf2 Qf4 16. Rh4 Qe5 17. Nc3 d5 18. Nc5 Bc6 19. Qd4 Qc7 20. e5 Nfd7 21. Nd3 f6 22. f4 fxe5 23. Nxe5 Nxe5 24. fxe5 Qf7 25. Rh2 Nd7 26. Qh4 h6 27. Qg3 Qf4 28. Qxf4 Rxf4 29. Rh5 Raf8 30. Nd1 Re4+ 31. Kd2 Nxe5 32. Bg3 Nc4+ 33. Kc1 Rf1 34. b3 Ne3 35. Kd2 Nxd1 36. Rxd1 Rd4+ 37. Ke2 Rfxd1 38. Be5 R4d2+ 39. Ke3 d4+ 40. Kf4 Rf1+ 41. Kg3 Rg2+ 0-1

[Event "Liptovsky Mikulas CupT U20"]
[Site "Liptovsky Mikulas"]
[Date "2017.06.25"]
[Round "7.4"]
[White "Bobrova, Katarina"]
[Black "Vozarova, Adriana"]
[Result "0-1"]
[WhiteElo "1407"]
[BlackElo "1681"]
[PlyCount "72"]
[EventDate "2017.06.21"]
[EventType "team-swiss"]
[EventRounds "8"]
[EventCountry "SVK"]
[SourceTitle "CBM 179 Extra"]
[Source "ChessBase"]
[SourceDate "2017.08.23"]
[SourceVersion "1"]
[SourceVersionDate "2017.08.23"]
[SourceQuality "1"]
[WhiteTeam "V4 International"]
[BlackTeam "Bratislava KSN"]
[BlackTeamCountry "SVK"]

1. Nf3 d5 2. d4 Nf6 3. Bf4 e6 4. e3 Be7 5. Nbd2 c5 6. c4 Nc6 7. Rc1 cxd4 8. Nxd4 Nxd4 9. exd4 0-0 10. Be2 a6 11. 0-0 dxc4 12. Nxc4 Nd5 13. Bg3 b5 14. Ne5 Bb7 15. Bf3 Rc8 16. a3 Qa5 17. h3 Rxc1 18. Qxc1 Rc8 19. Qb1 f6 20. Nd3 Rc4 21. Re1 Qb6 22. Nf4 Nxf4 23. Bxf4 Bxf3 24. gxf3 Qxd4 25. Re4 Qd5 26. Kg2 e5 27. Bg3 Bc5 28. Re1 Bd4 29. Rd1 Qc6 30. Qa2 Kf8 31. Qb1 Rc2 32. b4 h6 33. Qb3 Rc3 34. Qb1 Qxf3+ 35. Kg1 Qxg3+ 36. Kh1 Qxh3+ 0-1

[Event "Liptovsky Mikulas CupT U20"]
[Site "Liptovsky Mikulas"]
[Date "2017.06.24"]
[Round "6.4"]
[White "Londin, Simon"]
[Black "Bobrova, Katarina"]
[Result "0-1"]
[WhiteElo "1772"]
[BlackElo "1407"]
[PlyCount "74"]
[EventDate "2017.06.21"]
[EventType "team-swiss"]
[EventRounds "8"]
[EventCountry "SVK"]
[SourceTitle "CBM 179 Extra"]
[Source "ChessBase"]
[SourceDate "2017.08.23"]
[SourceVersion "1"]
[SourceVersionDate "2017.08.23"]
[SourceQuality "1"]
[WhiteTeam "Opavsko"]
[BlackTeam "V4 International"]
[WhiteTeamCountry "CZE"]

1. d4 d5 2. c4 c6 3. Nf3 Nf6 4. Nc3 e6 5. Qd3 Nbd7 6. g3 Bb4 7. a3 Qa5 8. Bd2 0-0 9. Rc1 Bxc3 10. Bxc3 Qc7 11. Bg2 Ne4 12. 0-0 Ndf6 13. Nd2 Nxc3 14. Qxc3 Re8 15. b4 a6 16. Rfd1 Bd7 17. e4 Qd8 18. e5 Ng4 19. f4 f6 20. h3 Nh6 21. a4 Nf5 22. g4 Nh4 23. Bf1 fxe5 24. fxe5 Rf8 25. cxd5 cxd5 26. a5 Rc8 27. Qg3 Qg5 28. Rc5 Nf5 29. Qc3 h5 30. Be2 hxg4 31. Bxg4 Ne3 32. Rc1 Rxc5 33. bxc5 Nxg4 34. hxg4 Qxg4+ 35. Kh1 Rf2 36. Rg1 Qh4+ 37. Qh3 Qxh3# 0-1

[Event "SVK-ch U16/20 Girls"]
[Site "Liptovsky Mikulas"]
[Date "2017.04.24"]
[Round "4"]
[White "Bidulska, Lenka"]
[Black "Bobrova, Katarina"]
[Result "1/2-1/2"]
[WhiteElo "1453"]
[BlackElo "1399"]
[PlyCount "96"]
[EventDate "2017.04.22"]
[EventType "swiss"]
[EventRounds "9"]
[EventCountry "SVK"]
[SourceTitle "CBM 178 Extra"]
[Source "ChessBase"]
[SourceDate "2017.06.22"]
[SourceVersion "1"]
[SourceVersionDate "2017.06.22"]
[SourceQuality "1"]

1. e4 e5 2. Nf3 Nf6 3. Nc3 Nc6 4. Bc4 Bb4 5. d3 0-0 6. 0-0 h6 7. Bd2 d6 8. Nd5 Nxd5 9. Bxd5 Bxd2 10. Qxd2 Bg4 11. Qe3 Qf6 12. h3 Bd7 13. Rad1 Qg6 14. Nh4 Qf6 15. Qg3 Rab8 16. c3 Ne7 17. Bb3 Kh8 18. f4 Ng6 19. Nxg6+ Qxg6 20. Qxg6 fxg6 21. fxe5 dxe5 22. d4 exd4 23. cxd4 Rbe8 24. e5 b6 25. Bc2 Kh7 26. Rfe1 c6 27. d5 cxd5 28. Rxd5 Be6 29. Rd6 Rf7 30. a3 Rc7 31. Ba4 Ree7 32. Rc6 Rxc6 33. Bxc6 Rc7 34. Ba4 a6 35. Re3 Rc5 36. Bb3 Bxb3 37. Rxb3 Rxe5 38. Rxb6 a5 39. Ra6 Rb5 40. a4 Rxb2 41. Rxa5 Ra2 42. Kh2 h5 43. Ra8 g5 44. a5 g4 45. hxg4 hxg4 46. a6 Kg6 47. a7 Ra3 48. g3 Ra1 1/2-1/2

[Event "SVK-ch U16/20 Girls"]
[Site "Liptovsky Mikulas"]
[Date "2017.04.23"]
[Round "2"]
[White "Trojkova, Michaela"]
[Black "Bobrova, Katarina"]
[Result "1-0"]
[WhiteElo "1643"]
[BlackElo "1399"]
[PlyCount "103"]
[EventDate "2017.04.22"]
[EventType "swiss"]
[EventRounds "9"]
[EventCountry "SVK"]
[SourceTitle "CBM 178 Extra"]
[Source "ChessBase"]
[SourceDate "2017.06.22"]
[SourceVersion "1"]
[SourceVersionDate "2017.06.22"]
[SourceQuality "1"]

1. e4 e5 2. Nf3 Nf6 3. Nc3 Nc6 4. Bc4 Nxe4 5. Bxf7+ Kxf7 6. Nxe4 Be7 7. d4 d5 8. Neg5+ Ke8 9. dxe5 Bg4 10. h3 Bxg5 11. hxg4 Bxc1 12. Qxc1 Rf8 13. Qd2 h6 14. 0-0-0 Ne7 15. e6 c6 16. Rhe1 Qc7 17. Ne5 Nc8 18. Nd7 Rf4 19. f3 Nb6 20. Ne5 Rf6 21. Nf7 Nc4 22. Qd3 Nd6 23. Nxd6+ Qxd6 24. e7 Re6 25. Qh7 Qf4+ 26. Kb1 Kd7 27. Rxe6 Kxe6 28. Qxg7 Re8 29. Re1+ Kd7 30. Qe5 Qxe5 31. Rxe5 Rxe7 32. Rxe7+ Kxe7 33. Kc1 Ke6 34. Kd2 Ke5 35. g3 d4 36. Kd3 c5 37. f4+ Kd5 38. f5 b5 39. a3 a5 40. b3 c4+ 41. Kd2 Ke5 42. Ke2 h5 43. gxh5 Kxf5 44. g4+ Kf6 45. bxc4 bxc4 46. h6 a4 47. g5+ Kg6 48. Kf3 Kh7 49. Ke4 d3 50. cxd3 cxd3 51. Kxd3 Kg6 52. Kc4 1-0

[Event "Banska Stiavnica V4 op"]
[Site "Banska Stiavnica"]
[Date "2016.07.03"]
[Round "2"]
[White "Zvarik, Martin"]
[Black "Bobrova, Katarina"]
[Result "1-0"]
[WhiteElo "2319"]
[BlackElo "1370"]
[PlyCount "41"]
[EventDate "2016.07.02"]
[EventType "swiss"]
[EventRounds "9"]
[EventCountry "SVK"]
[SourceTitle "CBM 173 Extra"]
[Source "ChessBase"]
[SourceDate "2016.08.29"]
[SourceVersion "1"]
[SourceVersionDate "2016.08.29"]
[SourceQuality "1"]

1. c4 d6 2. Nc3 Nf6 3. d4 g6 4. e4 Bg7 5. Bd3 0-0 6. Nge2 b6 7. 0-0 Bb7 8. f4 Re8 9. e5 dxe5 10. fxe5 Nfd7 11. Be4 Bxe4 12. Nxe4 c5 13. Ng5 Nc6 14. Nxf7 Qc7 15. Bh6 cxd4 16. Bxg7 Kxg7 17. Qd2 Kg8 18. Nf4 Qc8 19. Nxg6 Nf8 20. Nxf8 Qg4 21. Nh6+ 1-0

[Event "Liptovsky Mikulas CupT U20"]
[Site "Liptovsky Mikulas"]
[Date "2016.06.26"]
[Round "8.4"]
[White "Meszaros, Marta Mira"]
[Black "Bobrova, Katarina"]
[Result "1-0"]
[WhiteElo "1190"]
[BlackElo "1442"]
[PlyCount "127"]
[EventDate "2016.06.21"]
[EventType "team-swiss"]
[EventRounds "8"]
[EventCountry "SVK"]
[SourceTitle "CBM 173 Extra"]
[Source "ChessBase"]
[SourceDate "2016.08.29"]
[SourceVersion "1"]
[SourceVersionDate "2016.08.29"]
[SourceQuality "1"]
[WhiteTeam "Budapest EAC (U20)"]
[BlackTeam "Detva Garde (U20)"]
[WhiteTeamCountry "HUN"]
[BlackTeamCountry "SVK"]

1. e4 d6 2. d4 Nf6 3. Nc3 g6 4. Nf3 Bg7 5. Bd3 0-0 6. 0-0 b6 7. Bf4 Bb7 8. Qd2 Nbd7 9. Bh6 Rc8 10. Bxg7 Kxg7 11. Qe2 c5 12. d5 e6 13. dxe6 fxe6 14. Rfe1 d5 15. Ng5 Qe8 16. exd5 exd5 17. Ne6+ Kg8 18. Nxf8 Kxf8 19. Qxe8+ Rxe8 20. Rxe8+ Kxe8 21. Bb5 d4 22. Bxd7+ Kxd7 23. Rd1 Kc6 24. Nb1 Nd5 25. c3 dxc3 26. Nxc3 Nb4 27. Rd8 b5 28. Rh8 Nd3 29. Nd1 Kb6 30. Rxh7 Bd5 31. a3 Bb3 32. Ne3 Nxb2 33. Rd7 b4 34. axb4 cxb4 35. Rd6+ Kb5 36. Rxg6 Ba2 37. Rg5+ Ka4 38. h4 b3 39. h5 Nd3 40. Nc4 Kb4 41. Nb2 Nxb2 42. h6 Nd3 43. h7 b2 44. h8Q b1Q+ 45. Kh2 Qc1 46. Qb8+ Kc3 47. Qc8+ Kd2 48. Qxc1+ Kxc1 49. Ra5 Be6 50. Rxa7 Nxf2 51. Re7 Bd5 52. Kg3 Ne4+ 53. Kf4 Nc3 54. g4 Ba2 55. Re8 Nd5+ 56. Kf5 Bb1+ 57. Ke5 Ba2 58. g5 Nc7 59. Rc8 Kd2 60. Rxc7 Ke3 61. g6 Kf3 62. g7 Kg4 63. Rc8 Kg5 64. g8Q+ 1-0

[Event "SVK-ch U16/20 Girls"]
[Site "Liptovsky Mikulas"]
[Date "2016.04.22"]
[Round "8"]
[White "Bobrova, Katarina"]
[Black "Mincicova, Katarina"]
[Result "1-0"]
[WhiteElo "1494"]
[BlackElo "1543"]
[PlyCount "91"]
[EventDate "2016.04.16"]
[EventType "swiss"]
[EventRounds "9"]
[EventCountry "SVK"]
[SourceTitle "CBM 172 Extra"]
[Source "ChessBase"]
[SourceDate "2016.06.21"]
[SourceVersion "1"]
[SourceVersionDate "2016.06.21"]
[SourceQuality "1"]

1. Nf3 d5 2. d4 e6 3. Bf4 Nf6 4. e3 Bd7 5. c4 Bb4+ 6. Nbd2 0-0 7. a3 Be7 8. Bd3 h6 9. 0-0 Nh5 10. Bg3 Nxg3 11. hxg3 Nc6 12. Rc1 Bf6 13. cxd5 exd5 14. Qb3 Bc8 15. Rfe1 Rb8 16. Rxc6 Be6 17. Rcc1 b6 18. Qc2 c5 19. e4 cxd4 20. e5 Bg5 21. Nxd4 Rc8 22. Qd1 Rxc1 23. Qxc1 Qc8 24. Qxc8 Rxc8 25. N2f3 Rc1 26. b4 Rc3 27. Nxe6 fxe6 28. Nxg5 hxg5 29. Re3 Kf8 30. Rf3+ Ke7 31. Bg6 Rxf3 32. gxf3 d4 33. Kf1 Kd7 34. Ke2 Kc6 35. Kd3 Kd5 36. f4 gxf4 37. gxf4 Kc6 38. Kxd4 Kd7 39. f5 Ke7 40. f4 exf5 41. Bxf5 Kd8 42. Kd5 Ke7 43. e6 Kd8 44. Kd6 a5 45. e7+ Ke8 46. Bg6# 1-0

[Event "SVK-ch U16/20 Girls"]
[Site "Liptovsky Mikulas"]
[Date "2016.04.20"]
[Round "6"]
[White "Bobrova, Katarina"]
[Black "Lazorova, Maria"]
[Result "1/2-1/2"]
[WhiteElo "1494"]
[BlackElo "1460"]
[PlyCount "45"]
[EventDate "2016.04.16"]
[EventType "swiss"]
[EventRounds "9"]
[EventCountry "SVK"]
[SourceTitle "CBM 172 Extra"]
[Source "ChessBase"]
[SourceDate "2016.06.21"]
[SourceVersion "1"]
[SourceVersionDate "2016.06.21"]
[SourceQuality "1"]

1. Nf3 c5 2. c4 Nf6 3. Nc3 a6 4. d4 cxd4 5. Nxd4 b6 6. Bf4 d6 7. Bg5 Nbd7 8. e3 Bb7 9. f3 e6 10. Be2 Be7 11. 0-0 0-0 12. Qc2 h6 13. Bh4 Rc8 14. Rac1 d5 15. cxd5 Nxd5 16. Bxe7 Nxe7 17. Bd3 Nf6 18. Qe2 b5 19. Rfd1 Qb6 20. Kh1 Nfd5 21. Nxd5 Nxd5 22. Bb1 Rfd8 23. Rxc8 1/2-1/2

[Event "SVK-ch op"]
[Site "Banska Stiavnica"]
[Date "2015.07.10"]
[Round "7"]
[White "Bobrova, Katarina"]
[Black "Caban, Michal"]
[Result "1-0"]
[WhiteElo "1340"]
[BlackElo "1285"]
[PlyCount "43"]
[EventDate "2015.07.04"]
[EventType "swiss"]
[EventRounds "9"]
[EventCountry "SVK"]
[SourceTitle "CBM 167 Extra"]
[Source "ChessBase"]
[SourceDate "2015.09.14"]
[SourceVersion "1"]
[SourceVersionDate "2015.09.14"]
[SourceQuality "1"]

1. e4 Nc6 2. Nf3 d5 3. exd5 Qxd5 4. Nc3 Qd8 5. Bc4 Bg4 6. 0-0 e5 7. d3 Nf6 8. Re1 Bd6 9. Be3 0-0 10. h3 Bh5 11. Bg5 Nd4 12. Bd5 c6 13. Be4 h6 14. Bxf6 Qxf6 15. Re3 Bc5 16. g4 Nxf3+ 17. Rxf3 Qg5 18. Rf5 Bxg4 19. hxg4 Qxg4+ 20. Qxg4 Rfe8 21. Kg2 Re6 22. Rh5 1-0

[Event "SVK-ch op"]
[Site "Banska Stiavnica"]
[Date "2015.07.08"]
[Round "5"]
[White "Bobrova, Katarina"]
[Black "Sevcikova, Lucia"]
[Result "0-1"]
[WhiteElo "1340"]
[BlackElo "1286"]
[PlyCount "72"]
[EventDate "2015.07.04"]
[EventType "swiss"]
[EventRounds "9"]
[EventCountry "SVK"]
[SourceTitle "CBM 167 Extra"]
[Source "ChessBase"]
[SourceDate "2015.09.14"]
[SourceVersion "1"]
[SourceVersionDate "2015.09.14"]
[SourceQuality "1"]

1. Nf3 d5 2. d4 Nc6 3. Bf4 Bf5 4. a3 e6 5. e3 Bd6 6. Bg3 Nf6 7. Nbd2 0-0 8. c4 Re8 9. Rc1 a6 10. Be2 Ne4 11. Nxe4 Bxe4 12. 0-0 Qe7 13. Ne5 Bxe5 14. Bxe5 Nxe5 15. dxe5 Qg5 16. Bf3 Qxe5 17. cxd5 Bxf3 18. Qxf3 exd5 19. Rfd1 c6 20. Qe2 Rad8 21. Rc5 Qe7 22. b4 d4 23. h3 dxe3 24. Rxd8 exf2+ 25. Qxf2 Rxd8 26. a4 Rd1+ 27. Kh2 Qd6+ 28. g3 Rd2 29. Rc2 Rxf2+ 30. Rxf2 Qxb4 31. Re2 g6 32. Re8+ Kg7 33. Rb8 Qxa4 34. Rxb7 c5 35. Kg2 Qe4+ 36. Kf2 Qxb7 0-1

[Event "SVK-ch op"]
[Site "Banska Stiavnica"]
[Date "2015.07.06"]
[Round "3"]
[White "Bobrova, Katarina"]
[Black "Antal, Jozsef"]
[Result "0-1"]
[WhiteElo "1340"]
[BlackElo "1932"]
[PlyCount "114"]
[EventDate "2015.07.04"]
[EventType "swiss"]
[EventRounds "9"]
[EventCountry "SVK"]
[SourceTitle "CBM 167 Extra"]
[Source "ChessBase"]
[SourceDate "2015.09.14"]
[SourceVersion "1"]
[SourceVersionDate "2015.09.14"]
[SourceQuality "1"]

1. e4 e5 2. Nf3 Nf6 3. Bc4 Nxe4 4. Nxe5 d5 5. Bb3 Nc6 6. d3 Nc5 7. Qe2 Be6 8. 0-0 Nd4 9. Qd2 Qf6 10. Re1 0-0-0 11. Qd1 Bd6 12. Nf3 Ncxb3 13. axb3 Bg4 14. Nbd2 Qf4 15. c3 Bxf3 16. Nxf3 Nxf3+ 17. Qxf3 Qxf3 18. gxf3 a6 19. d4 Rde8 20. Be3 Re6 21. c4 dxc4 22. bxc4 Rhe8 23. c5 Bf4 24. Ra3 Rg6+ 25. Kh1 Rh6 26. d5 Rxh2+ 27. Kg1 Rh5 28. Rd1 Bxe3 29. fxe3 Ree5 30. e4 Reg5+ 31. Kf2 Rh2+ 32. Ke3 Rxb2 33. Rad3 Rb5 34. f4 Rg3+ 35. Kd4 Rb4+ 36. Ke5 Rg6 37. f5 Rg4 38. Rd4 Rb5 39. f6 g6 40. Rc1 h5 41. d6 Rg5+ 42. Kf4 Rgxc5 43. Rxc5 Rxc5 44. e5 cxd6 45. Rxd6 Kc7 46. Rd4 a5 47. Re4 b5 48. e6 Rf5+ 49. Kg3 fxe6 50. Rxe6 g5 51. Ra6 Kb7 52. Rxa5 Kb6 53. Ra2 Rxf6 54. Rh2 Rh6 55. Rh1 b4 56. Kf3 Kb5 57. Ke3 g4 0-1

[Event "SVK-ch op"]
[Site "Banska Stiavnica"]
[Date "2015.07.05"]
[Round "2"]
[White "Pesztericz, Laszlo"]
[Black "Bobrova, Katarina"]
[Result "1-0"]
[WhiteElo "2065"]
[BlackElo "1340"]
[PlyCount "41"]
[EventDate "2015.07.04"]
[EventType "swiss"]
[EventRounds "9"]
[EventCountry "SVK"]
[SourceTitle "CBM 167 Extra"]
[Source "ChessBase"]
[SourceDate "2015.09.14"]
[SourceVersion "1"]
[SourceVersionDate "2015.09.14"]
[SourceQuality "1"]

1. e4 d6 2. d4 Nf6 3. Nc3 g6 4. f4 Bg7 5. Nf3 0-0 6. Bd3 Nc6 7. 0-0 e5 8. fxe5 dxe5 9. d5 Nd4 10. Nxe5 Nxd5 11. Nxd5 Bxe5 12. Bf4 Re8 13. c3 Bxf4 14. Rxf4 Ne6 15. Rf2 Kg7 16. Qf3 Rf8 17. Raf1 Qd7 18. Qf6+ Kg8 19. Ne7+ Qxe7 20. Qxe7 b6 21. Rxf7 1-0

[Event "SVK-ch U14 Girls"]
[Site "Tatralandia"]
[Date "2015.04.23"]
[Round "7"]
[White "Cabanova, Kristina"]
[Black "Bobrova, Katarina"]
[Result "1-0"]
[WhiteElo "1563"]
[BlackElo "1309"]
[PlyCount "59"]
[EventDate "2015.04.18"]
[EventType "swiss"]
[EventRounds "9"]
[EventCountry "SVK"]
[SourceTitle "CBM 166 Extra"]
[Source "ChessBase"]
[SourceDate "2015.06.18"]
[SourceVersion "1"]
[SourceVersionDate "2015.06.18"]
[SourceQuality "1"]

1. Nf3 d6 2. g3 Nf6 3. Bg2 g6 4. 0-0 Bg7 5. c4 0-0 6. d4 Bf5 7. Nc3 Nbd7 8. Nh4 Be6 9. d5 Bg4 10. h3 Bh5 11. g4 g5 12. Bxg5 Bg6 13. f4 h6 14. Bxf6 Bxf6 15. Nxg6 fxg6 16. Qd3 Qe8 17. Be4 Kg7 18. g5 hxg5 19. fxg5 Bxg5 20. Rxf8 Nxf8 21. Rf1 Nh7 22. Nb5 Rc8 23. Nxa7 Ra8 24. Nb5 Rc8 25. Nd4 Nf6 26. Ne6+ Kh6 27. Nxg5 Kxg5 28. Qe3+ Kh5 29. Bf3+ Kh4 30. Qf4+ 1-0

[Event "SVK-ch U14 Girls"]
[Site "Tatralandia"]
[Date "2015.04.19"]
[Round "2"]
[White "Bobrova, Katarina"]
[Black "Dudaskova, Katarina"]
[Result "0-1"]
[WhiteElo "1309"]
[BlackElo "1164"]
[PlyCount "106"]
[EventDate "2015.04.18"]
[EventType "swiss"]
[EventRounds "9"]
[EventCountry "SVK"]
[SourceTitle "CBM 166 Extra"]
[Source "ChessBase"]
[SourceDate "2015.06.18"]
[SourceVersion "1"]
[SourceVersionDate "2015.06.18"]
[SourceQuality "1"]

1. e4 e5 2. Nf3 Nc6 3. d4 exd4 4. Nxd4 Bc5 5. Be3 Bb6 6. Bc4 Nf6 7. 0-0 0-0 8. Nc3 d6 9. h3 Re8 10. Bb5 Bd7 11. Re1 Bxd4 12. Bxd4 Nxd4 13. Bxd7 Qxd7 14. Qxd4 h6 15. Rad1 c5 16. Qd3 Rad8 17. Nd5 Nxd5 18. exd5 Rxe1+ 19. Rxe1 Re8 20. Rxe8+ Qxe8 21. Qc3 Qe4 22. Qb3 Qe1+ 23. Kh2 Qxf2 24. c4 Qf4+ 25. Qg3 Qxg3+ 26. Kxg3 f5 27. Kf4 g6 28. a3 Kg7 29. b4 cxb4 30. axb4 b6 31. c5 bxc5 32. bxc5 dxc5 33. Ke5 Kf7 34. d6 Ke8 35. Kd5 Kd7 36. Kxc5 g5 37. g4 fxg4 38. hxg4 a5 39. Kb5 Kxd6 40. Kxa5 Ke5 41. Kb4 Kf4 42. Kc3 Kxg4 43. Kd3 h5 44. Ke3 h4 45. Kf2 h3 46. Kg1 Kg3 47. Kh1 Kh4 48. Kh2 g4 49. Kg1 g3 50. Kh1 h2 51. Kg2 h1Q+ 52. Kxh1 Kh3 53. Kg1 g2 0-1

[Event "SVK-ch U14 Girls"]
[Site "Tatralandia"]
[Date "2015.04.18"]
[Round "1"]
[White "Nadzamova, Sofia"]
[Black "Bobrova, Katarina"]
[Result "1-0"]
[WhiteElo "1911"]
[BlackElo "1309"]
[PlyCount "77"]
[EventDate "2015.04.18"]
[EventType "swiss"]
[EventRounds "9"]
[EventCountry "SVK"]
[SourceTitle "CBM 166 Extra"]
[Source "ChessBase"]
[SourceDate "2015.06.18"]
[SourceVersion "1"]
[SourceVersionDate "2015.06.18"]
[SourceQuality "1"]

1. e4 d6 2. d4 Nf6 3. Nc3 g6 4. Be3 Bg7 5. f3 0-0 6. Qd2 Nbd7 7. 0-0-0 c5 8. dxc5 dxc5 9. e5 Ne8 10. Bb5 Bxe5 11. Bxd7 Bxc3 12. Qxc3 Bxd7 13. Bh6 Nf6 14. Bxf8 Qxf8 15. g4 Bc6 16. h3 Qh6+ 17. Kb1 Nxg4 18. Qxc5 e6 19. Qd4 Ne3 20. Qd2 f5 21. Re1 f4 22. Qd4 Rc8 23. c4 Qg5 24. Rh2 Qf5+ 25. Ka1 Nc2+ 26. Rxc2 Qxc2 27. Qxf4 Ba4 28. Rc1 Qd3 29. Qe5 Rc6 30. Qb8+ Kg7 31. Qxb7+ Kh6 32. Qb4 Bc2 33. Qe1 Rxc4 34. Qxe6 Qd2 35. Qe1 Qd3 36. h4 Qd4 37. Ne2 Qe5 38. Qd2+ Qf4 39. Nxf4 1-0

[Event "Zilina-ch"]
[Site "Zilina"]
[Date "2014.05.11"]
[Round "5"]
[White "Bobrova, Katarina"]
[Black "Kerak, Jozef"]
[Result "1/2-1/2"]
[WhiteElo "1225"]
[BlackElo "1667"]
[PlyCount "29"]
[EventDate "2014.05.09"]
[EventType "swiss"]
[EventRounds "6"]
[EventCountry "SVK"]
[SourceTitle "CBM 160 Extra"]
[Source "ChessBase"]
[SourceDate "2014.07.01"]
[SourceVersion "1"]
[SourceVersionDate "2014.07.01"]
[SourceQuality "1"]

1. e4 e5 2. Nf3 Nc6 3. d4 exd4 4. Nxd4 Nxd4 5. Qxd4 b6 6. Bc4 Bb7 7. 0-0 Qf6 8. Qd3 Bc5 9. Be3 Qd6 10. Qb3 0-0-0 11. Bxc5 Qxc5 12. Nc3 Nf6 13. Rfe1 d5 14. exd5 Bxd5 15. Nxd5 1/2-1/2

[Event "Zilina-ch"]
[Site "Zilina"]
[Date "2014.05.11"]
[Round "6"]
[White "Cabanova, Kristina"]
[Black "Bobrova, Katarina"]
[Result "1/2-1/2"]
[WhiteElo "1287"]
[BlackElo "1225"]
[PlyCount "31"]
[EventDate "2014.05.09"]
[EventType "swiss"]
[EventRounds "6"]
[EventCountry "SVK"]
[SourceTitle "CBM 160 Extra"]
[Source "ChessBase"]
[SourceDate "2014.07.01"]
[SourceVersion "1"]
[SourceVersionDate "2014.07.01"]
[SourceQuality "1"]

1. Nf3 d6 2. d4 Nf6 3. Bf4 g6 4. e3 Bg7 5. c4 0-0 6. Nbd2 Bf5 7. Be2 Nc6 8. 0-0 Re8 9. Rc1 e5 10. Bg3 e4 11. Ne1 Qd7 12. Nc2 Bg4 13. Bxg4 Nxg4 14. h3 Nf6 15. d5 Ne5 16. Nd4 1/2-1/2

[Event "Zilina-ch"]
[Site "Zilina"]
[Date "2014.05.10"]
[Round "2"]
[White "Paluch, Stefan"]
[Black "Bobrova, Katarina"]
[Result "1-0"]
[WhiteElo "1851"]
[BlackElo "1225"]
[PlyCount "71"]
[EventDate "2014.05.09"]
[EventType "swiss"]
[EventRounds "6"]
[EventCountry "SVK"]
[SourceTitle "CBM 160 Extra"]
[Source "ChessBase"]
[SourceDate "2014.07.01"]
[SourceVersion "1"]
[SourceVersionDate "2014.07.01"]
[SourceQuality "1"]

1. d4 d6 2. Nf3 Nf6 3. h3 g6 4. Bf4 Bg7 5. e3 Nc6 6. c3 Bf5 7. Nbd2 0-0 8. Bc4 Re8 9. 0-0 e5 10. dxe5 dxe5 11. Bg5 Qd7 12. Bxf6 Bxf6 13. Kh2 e4 14. Nd4 Be5+ 15. Kh1 Bxh3 16. Nxc6 bxc6 17. Nxe4 Qf5 18. Ng3 Bxg3 19. fxg3 Qe4 20. Bxf7+ Kg7 21. Qd4+ Kh6 22. Qxe4 Rxe4 23. gxh3 Rxe3 24. Rg1 Rd8 25. Rg2 Rf8 26. Bc4 Rff3 27. Kh2 Kh5 28. Be2 Rxe2 29. Rxe2 g5 30. Rd1 g4 31. hxg4+ Kxg4 32. Rd4+ Kh5 33. Kg2 Rf6 34. Re7 h6 35. Rg7 Re6 36. Rh4# 1-0

[Event "SVK-ch U14 Girls"]
[Site "Stara Lubovna"]
[Date "2014.04.12"]
[Round "7"]
[White "Bobrova, Katarina"]
[Black "Vargaova, Veronika"]
[Result "1-0"]
[WhiteElo "1250"]
[BlackElo "1000"]
[PlyCount "21"]
[EventDate "2014.04.05"]
[EventType "swiss"]
[EventRounds "7"]
[EventCountry "SVK"]
[SourceTitle "EXT 2016"]
[Source "ChessBase"]
[SourceDate "2015.10.08"]
[SourceVersion "1"]
[SourceVersionDate "2015.10.08"]
[SourceQuality "1"]

1. e4 e5 2. Nf3 Nc6 3. d4 d5 4. Bb5 Bd7 5. exd5 Nxd4 6. Bxd7+ Qxd7 7. Nxe5 Qxd5 8. Bf4 Qe4+ 9. Be3 Nxc2+ 10. Kf1 Nb4 11. Qd7# 1-0